[Event "Cholet-A"]
[White "Hutois, Mickael"]
[Black "Cadiot, Stephane"]
[Site "Cholet"]
[Round "8"]
[Result "1-0"]
[Date "2012.02.23"]
[WhiteElo "2162"]
[BlackElo "2011"]
[PlyCount "47"]
[EventDate "2012.02.18"]
[EventType "tourn"]
[EventRounds "9"]
[EventCountry "FRA"]
[SourceTitle "EXT 2013"]
[Source "ChessBase"]
[SourceDate "2012.11.22"]
[SourceVersion "1"]
[SourceVersionDate "2012.11.22"]
[SourceQuality "1"]

1. e4 c5 2. Nf3 Nc6 3. d4 cxd4 4. Nxd4 g6 5. c4 Nf6 6. Nc3 d6 7. Be2 Nxd4 8. Qxd4 Bg7 9. Be3 0-0 10. Qd2 Bd7 11. 0-0 Bc6 12. Bf3 a6 13. g3 Qa5 14. a3 Rfc8 15. Rfc1 Qd8 16. Rab1 b6 17. b4 Bb7 18. Na4 Nd7 19. Bg4 Ne5 20. Be2 Qd7 21. Nxb6 Qh3 22. f3 f5 23. Nxc8 Rxc8 24. c5 1-0

[Event "Cholet-A"]
[White "Cadiot, Stephane"]
[Black "Le Goff, Ronan"]
[Site "Cholet"]
[Round "3"]
[Result "1-0"]
[Date "2012.02.20"]
[WhiteElo "2011"]
[BlackElo "2041"]
[PlyCount "102"]
[EventDate "2012.02.18"]
[EventType "tourn"]
[EventRounds "9"]
[EventCountry "FRA"]
[SourceTitle "EXT 2013"]
[Source "ChessBase"]
[SourceDate "2012.11.22"]
[SourceVersion "1"]
[SourceVersionDate "2012.11.22"]
[SourceQuality "1"]

1. Nf3 Nf6 2. g3 d5 3. c4 e6 4. Bg2 Be7 5. 0-0 0-0 6. d4 dxc4 7. Ne5 Nc6 8. Nxc6 bxc6 9. Nc3 Rb8 10. Qc2 Nd5 11. Rd1 Nb4 12. Qd2 Bb7 13. a3 Nd5 14. Na4 Ba6 15. Qc2 Qe8 16. Bd2 Bd6 17. e4 Nb6 18. e5 Be7 19. Bb4 Bb5 20. Nxb6 Bxb4 21. Nxc4 Be7 22. b4 c5 23. a4 Bxc4 24. Qxc4 Rxb4 25. Qa6 cxd4 26. Qxa7 Qd7 27. a5 Rfb8 28. a6 R4b6 29. Qxb8+ Rxb8 30. a7 Rd8 31. Rdb1 Bc5 32. a8Q Rxa8 33. Rxa8+ Bf8 34. Rbb8 g6 35. Rxf8+ Kg7 36. Rfd8 Qb5 37. Rxd4 Qxe5 38. Rd1 h5 39. Ra4 g5 40. h4 Qe2 41. Rf1 Qc2 42. Re4 Qc5 43. hxg5 Qxg5 44. Rc4 Kf6 45. Bf3 Qb5 46. Rfc1 Qg5 47. Rc5 e5 48. R1c4 Ke6 49. Rc6+ Ke7 50. Rxc7+ Kf8 51. Bd5 Qg4 1-0

[Event "Cholet-A"]
[White "Rabouan, Jean Francois"]
[Black "Cadiot, Stephane"]
[Site "Cholet"]
[Round "4"]
[Result "0-1"]
[Date "2012.02.20"]
[WhiteElo "1925"]
[BlackElo "2011"]
[PlyCount "92"]
[EventDate "2012.02.18"]
[EventType "tourn"]
[EventRounds "9"]
[EventCountry "FRA"]
[SourceTitle "EXT 2013"]
[Source "ChessBase"]
[SourceDate "2012.11.22"]
[SourceVersion "1"]
[SourceVersionDate "2012.11.22"]
[SourceQuality "1"]

1. e4 g6 2. d4 Bg7 3. Nc3 d6 4. Nf3 Bg4 5. Be2 Nc6 6. Be3 a6 7. 0-0 Nf6 8. h3 Bxf3 9. Bxf3 e5 10. dxe5 Nxe5 11. Be2 0-0 12. f4 Nc6 13. Qd2 Qe7 14. Bd3 Rae8 15. f5 Qd7 16. Bh6 Ne5 17. Qg5 Qd8 18. Qd2 c6 19. Bg5 Qb6+ 20. Kh1 Qc7 21. Rf2 b5 22. Raf1 Ned7 23. Ne2 Nxe4 24. Bxe4 Rxe4 25. Ng3 Re5 26. Bh6 f6 27. Bxg7 Kxg7 28. Qf4 g5 29. Qg4 Qd8 30. Ne4 d5 31. Nd2 Nc5 32. Qd4 Ne4 33. Nxe4 Rxe4 34. Qa7+ Rf7 35. Qxa6 Qd6 36. Qb6 Rfe7 37. Rd2 h5 38. Qg1 Qe5 39. c3 g4 40. Rdd1 Re3 41. hxg4 hxg4 42. Qh2 Qxh2+ 43. Kxh2 Kh6 44. Rf4 Kg5 45. Rff1 Re2 46. Rb1 R7e5 0-1

[Event "Cholet-A"]
[White "Cadiot, Stephane"]
[Black "Le Pen, Steven"]
[Site "Cholet"]
[Round "8"]
[Result "0-1"]
[Date "2011.03.10"]
[WhiteElo "2015"]
[BlackElo "1853"]
[PlyCount "74"]
[EventDate "2011.03.05"]
[EventType "tourn"]
[EventRounds "9"]
[EventCountry "FRA"]
[SourceTitle "EXT 2012"]
[Source "ChessBase"]
[SourceDate "2011.11.24"]
[SourceVersion "1"]
[SourceVersionDate "2011.11.24"]
[SourceQuality "1"]

1. d4 Nf6 2. Nf3 g6 3. g3 Bg7 4. Bg2 d5 5. 0-0 0-0 6. b3 c5 7. e3 Ne4 8. Bb2 Nc6 9. Qc1 cxd4 10. exd4 Qb6 11. Qe3 Re8 12. Nc3 Nf6 13. Na4 Qc7 14. h3 Nd7 15. Rfe1 Nb4 16. Re2 b6 17. a3 Nc6 18. Nc3 Nf6 19. Ne5 Be6 20. Nb5 Qc8 21. Qc3 Bd7 22. Nxc6 Bxc6 23. a4 a6 24. Na3 Ne4 25. Qe1 Qb7 26. c4 Nf6 27. Nc2 dxc4 28. Bxc6 Qxc6 29. Rxe7 Rxe7 30. Qxe7 cxb3 31. Nb4 Qc8 32. g4 Qe6 33. Qb7 Qe4 34. d5 Re8 35. Qxb6 Nxg4 36. Bxg7 Kxg7 37. hxg4 b2 0-1

[Event "Cholet-A"]
[White "Dubois, Pierre"]
[Black "Cadiot, Stephane"]
[Site "Cholet"]
[Round "2"]
[Result "0-1"]
[Date "2011.03.06"]
[WhiteElo "1930"]
[BlackElo "2015"]
[PlyCount "72"]
[EventDate "2011.03.05"]
[EventType "tourn"]
[EventRounds "9"]
[EventCountry "FRA"]
[SourceTitle "EXT 2012"]
[Source "ChessBase"]
[SourceDate "2011.11.24"]
[SourceVersion "1"]
[SourceVersionDate "2011.11.24"]
[SourceQuality "1"]

1. e4 c5 2. Nf3 Nc6 3. d4 cxd4 4. Nxd4 g6 5. c4 Nf6 6. Nc3 d6 7. f3 Nxd4 8. Qxd4 Bg7 9. Be3 0-0 10. Qd2 Be6 11. Nd5 Bxd5 12. cxd5 Qd7 13. Bd3 Rfc8 14. 0-0 Qa4 15. b3 Qa3 16. Rac1 Nd7 17. Rxc8+ Rxc8 18. Rc1 Rxc1+ 19. Qxc1 Qxa2 20. Qc8+ Nf8 21. Qxb7 Qa1+ 22. Kf2 Bd4 23. Qxe7 Qb2+ 24. Be2 Bxe3+ 25. Kxe3 Qxb3+ 26. Kf4 a5 27. Qxd6 a4 28. Qa6 a3 29. Bc4 Qc3 30. d6 Kg7 31. Kg4 h5+ 32. Kh3 g5 33. Qb5 g4+ 34. Kg3 Ng6 35. Qc5 Qe1+ 36. Qf2 h4+ 0-1